000 00305nam a22001337a 4500
008 160504b xxu||||| |||| 00| 0 eng d
020 _a9780073515458
020 _a0073515450
020 _a9780073515458
041 _aeng
080 _a612.39
245 _aNutrition:
_cAnnual Editions;
942 _2udc
_cBK
999 _c1778
_d1778